header

Christian Hebraism in the Reformation era (1500-1660) (Record no. 144276)

MARC details
000 -LEADER
fixed length control field 02622nam a2200481 a 4500
082 04 - DEWEY DECIMAL CLASSIFICATION NUMBER
Classification number 492.407/04
100 1# - MAIN ENTRY--AUTHOR NAME
Personal name Burnett, Stephen G.
245 10 - TITLE STATEMENT
Title Christian Hebraism in the Reformation era (1500-1660)
260 ## - PUBLICATION, DISTRIBUTION, ETC. (IMPRINT)
Place of publication Leiden ;
-- Boston :
Name of publisher Brill,
Year of publication 2012.
300 ## - PHYSICAL DESCRIPTION
Number of Pages xx, 344 p. :
Other physical details maps.
490 1# - SERIES STATEMENT
Series statement Library of the written word,
Series statement The handpress world ;
505 0# - FORMATTED CONTENTS NOTE
Formatted contents note Birth of a Christian Hebrew reading public -- Hebraist authors and their supporters: centers, peripheries, and the growth of an academic Hebrew culture -- Hebraist authors and the mediation of Jewish scholarship -- Judaica libraries: imagined and real -- The Christian Hebrew book market: printers and booksellers -- Press controls and the Hebraist discourse in Reformation Europe.
650 #0 - SUBJECT ADDED ENTRY--TOPICAL TERM
Topical Term Christian Hebraists
Topical Term Christian Hebraists
Topical Term Christian Hebraists
Topical Term Christian Hebraists
Topical Term Jewish learning and scholarship
Topical Term Jewish learning and scholarship
Topical Term Christianity and other religions
Topical Term Christianity and other religions
Topical Term Judaism
Topical Term Judaism
856 40 - ELECTRONIC LOCATION AND ACCESS
Uniform Resource Identifier http://site.ebrary.com/lib/rucke/Doc?id=10525094

No items available.

© 2026 Rongo University
Contact us: librarian | system librarian | Rongo university